| 000 | 02875nam0a2200457 4500 | ||
|---|---|---|---|
| 001 | RU\NLR\BIBL_A\012763270 | ||
| 005 | 20221227155507.0 | ||
| 010 |
_a978-5-9273-3131-4 _950 |
||
| 021 |
_aRU _bКН-П-21-096269 _9КН-П-21-7699 |
||
| 035 | _a(NLR Aleph) 012763270 | ||
| 035 | _a(RuMoRGB)010949115 | ||
| 090 |
_a13069236 _c13069236 |
||
| 100 | _a20220415d2020 u y0rusy50 ca | ||
| 101 | 0 | _arus | |
| 102 | _aRU | ||
| 105 | _aa j 000zy | ||
| 181 | 0 |
_ai3 _baxxe |
|
| 182 | 0 | _an | |
| 200 | 1 |
_aИсследование операций и теория игр. Математические модели, методы и алгоритмы _eучебное пособие _eдля студентов по направлениям подготовки "Прикладная математика и информатика", "Бизнес-информатика" _fА. Я. Аснина, Т. В. Азарнова, Н. Г. Аснина, Ю. В. Бондаренко _gМинистерство науки и высшего образования РФ, Федеральное государственное бюджетное образовательное учреждение высшего образования "Воронежский государственный университет" |
|
| 203 |
_aТекст _bвизуальный _cнепосредственный |
||
| 210 |
_aВоронеж _cИздательский дом ВГУ _d2020 |
||
| 215 |
_a212 с. _cил., табл. _d20 |
||
| 300 | _aАвт. указаны на обороте тит. с. | ||
| 320 | _aБиблиогр.: с. 211-212 (27 назв.) | ||
| 517 | 1 | _aМатематические модели, методы и алгоритмы | |
| 606 | 1 |
_aИсследование операций _jУчебные издания для высших учебных заведений _2nlr_sh2 _3RU\NLR\AUTH\661264364 |
|
| 606 | 1 |
_aИгр теория _jУчебные издания для высших учебных заведений _2nlr_sh2 _3RU\NLR\AUTH\661308755 |
|
| 675 |
_a519.8(075.8) _v4 |
||
| 686 | 1 | _aВ175я73-1 | |
| 686 | 1 | _aВ174я73-1 | |
| 701 | 1 |
_aАснина _bА.Я. _gАльбина Яковлевна |
|
| 701 | 1 |
_aАзарнова _bТ. В. _cд-р техн. наук, канд. физ.-мат. наук _gТатьяна Васильевна _3RU\NLR\AUTH\770151165 |
|
| 701 | 1 |
_aАснина _bН. Г. _cканд. техн. наук _gНаталия Георгиевна _3RU\NLR\AUTH\770195318 |
|
| 701 | 1 |
_aБондаренко _bЮ. В. _gЮлия Валентиновна |
|
| 712 | 0 | 2 |
_aВоронежский государственный университет _3RU\NLR\AUTH\889921742 _4475 |
| 942 | _cBOOK | ||
| 980 | _aNBR | ||
| 980 | _aNB | ||